000 02235 a2200253 4500
003 NALT
005 20250818221650.0
008 250422b th ||||| |||| 00| 0 tha d
020 _a9786166020212
040 _aNALT
100 0 _aไพลวรรณ สัทธานนท์.
_965746
245 1 0 _aกายภาพบำบัดในผู้สูงอายุ =
_bPhysical therapy older people /
_cไพลวรรณ สัทธานนท์.
_h[electronic resource]
250 _aพิมพ์ครั้งที่ 4.
260 _aกรุงเทพฯ :
_bสำนักพิมพ์มหาวิทยาลัยธรรมศาสตร์,
_c2566.
300 _aOnline resource
505 2 _aบทที่ 1 ประชากรผู้สูงอายุ -- บทที่ 2 การเปลี่ยนแปลงทางโครงสร้าง และสรีรวิทยาในผู้สูงอายุ -- บทที่ 3 ปัญหาการล้มในผู้สูงอายุ -- บทที่ 4 ปัญหาด้านระบบกระดูก และกล้ามเนื้อที่สำคัญในผู้สูงอายุ: ภาวะข้อเสื่อม (Osteoarthritis) -- บทที่ 5 ภาวะ และโรคจากความเสื่อมทางระบบประสาทที่สำคัญในผู้สูงอายุ -- บทที่ 6 ระบบสาธารณสุข สวัสดิการ และหน่วยงานที่เกี่ยวข้องด้านผู้สูงอายุ.
650 4 _aกายภาพบำบัดสำหรับผู้สูงอายุ
_965744
650 4 _aผู้สูงอายุ
_xโรค
_xการรักษา
_920604
650 4 _aผู้สูงอายุ
_xสุขภาพและอนามัย
_912344
856 4 0 _uhttps://ebook.parliament.go.th/ebookall/detail/435536
_zE-Book
942 _cEBK
_2lcc
996 _ajamriang.p
_bCATSTF
_c2025-04-22
999 _c105832
_d105832
998 _j25
_k นีลวัสน์ อินทรักษา